| Tag |
First Indicator |
Second Indicator |
Subfields |
| LEADER |
00000cam a2200000 4500 |
| 001 |
in00000038154 |
| 005 |
20151007080848.0 |
| 008 |
780601s1958 enka 00000 eng |
| 010 |
|
|
|a 59000720
|
| 035 |
|
|
|a (OCoLC)03943639
|
| 035 |
|
|
|9 AAF5501AM
|
| 040 |
|
|
|a DLC
|c HDC
|d TXA
|d UtOrBLW
|
| 049 |
|
|
|a TXAM
|c [349824]
|
| 050 |
0 |
0 |
|a HM213
|b .Y6
|
| 082 |
0 |
|
|a 301.445
|
| 092 |
|
|
|a 301.445
|b Y74r
|
| 100 |
1 |
|
|a Young, Michael Dunlop,
|d 1915-2002.
|
| 245 |
1 |
4 |
|a The rise of the meritocracy, 1870-2033 ;
|b an essay on education and equality.
|
| 264 |
|
1 |
|a London :
|b Thames and Hudson,
|c [1958]
|
| 300 |
|
|
|a 160 pages :
|b illustrations ;
|c 23 cm.
|
| 336 |
|
|
|a text
|b txt
|2 rdacontent
|
| 337 |
|
|
|a unmediated
|b n
|2 rdamedia
|
| 338 |
|
|
|a volume
|b nc
|2 rdacarrier
|
| 650 |
|
0 |
|a Intellectuals.
|
| 650 |
|
0 |
|a Progress.
|
| 740 |
0 |
|
|a Meritocracy, 1870-2033.
|
| 999 |
|
|
|a MARS
|
| 999 |
f |
f |
|s 2af80f33-d754-3aaa-b97c-4b2852f0d162
|i 3be44b69-1436-3a7d-99d0-9dd9a0b37e7e
|t 0
|
| 952 |
f |
f |
|p ric
|a Texas A&M University
|b Rellis Campus
|c Joint Library Facility
|d Remote Storage
|t 0
|e HM213 .Y6
|h Library of Congress classification
|i unmediated -- volume
|m A14800643318
|
| 998 |
f |
f |
|a HM213 .Y6
|t 0
|l Remote Storage
|